000 01447nam0a2200349 4500
001 RU\NLR\bibl\482820
005 20260405223329.0
010 _a5-93020-165-х
_91000
021 _aRU
_b2003-66698
_93289
035 _a(NLR Aleph) 000475601
090 _a1021211
_c1021211
100 _a20040123d2003 |||y0rusy50 ca
101 0 _arus
102 _aRU
105 _aa |||||||||
200 1 _aПутешествие в страну вогулов
_eРепр. изд. с предисл. Галины Данилиной
_fПорфирий Инфантьев
205 _a[Югор. репринт]
210 _aТюмень
_cМандр и Ка
_cИзд-во Юрия Мандрики
_d2003
215 _a198,[2] с.
_cил.
_d21
300 _aНа тит.л. ориг. изд. вых. дан.: СПб.: Изд. Н.В. Ельманова, 1910
320 _aБиблиогр. в подстроч. прим.
455 0 _1210##$aСПб.$cИзд. Н.В. Ельманова$d1910
606 0 _aМанси
_xЭтнографические исследования
_92073987
_3RU\NLR\auth\661248948
686 _aТ52(251.1=Ха2)
700 1 _4070
_8rus
_7ca
_aИнфантьев
_bП. П.
_f1860-1913
_gПорфирий Павлович
_3RU\NLR\auth\77101530
_984456
801 0 _aRU
_bNLR
_c20040123
_gPSBO
801 1 _aRU
_bNLR
_c20040123
830 _aАвт. по кн.
942 _cBOOK
980 _aNB
980 _aNBR